| 000 | 00540nam a2200193Ia 4500 | ||
|---|---|---|---|
| 003 | GCL | ||
| 008 | 140319s9999 xx 000 0 eng d | ||
| 020 | _a4771303341 | ||
| 040 |
_aGCL / _cGCL |
||
| 082 | 0 | 4 |
_a297.122 _bT T |
| 100 | 1 | _aT . A . ISMAIL | |
| 245 | 1 | 0 |
_aTHESIS AND NUMERICAL SYMBOLISM IN THE HOLY QURAN / _cT . A . ISMAIL |
| 260 |
_aالقاهرة : _bAL AHRAM COMMERCIAL PRESS ، _c2002 |
||
| 300 |
_a24 CM ؛ _c306 P |
||
| 650 | 0 | 4 | _aKORAN - SCIENCE |
| 650 | 0 | 4 | _aKORAN |
| 650 | 0 | 4 | _aKORAN - HERMENUTICS |
| 942 |
_2ddc _cBK |
||
| 999 |
_c7702 _d7702 |
||